Hospodárske plánovanie pre 3. ročík hospodárskych škôl štvorročých

Bibliographic Details
Main Author: Fiala, Jozef (Author)
Format: Book
Language:Slovak
PhysicalDescription:126, [2] s. 8°
Published: Bratislava Slovenské pedagogické nakladateľstvo 1959
Subjects:

MARC

LEADER 00000nam a2200000 a 4500
001 vtls008330797
003 SK-MaSNL
005 20260502152308.0
008 230403s1959 xo 000 slo
015 |a SNBA1959/06-00936 
020 |q (viazané) 
035 |a SK01SNK19590023014 
035 |a urn:nbn:sk:snk-am3ifuw 
035 |a urn:nbn:sk:snk-am00e8q4 
035 |a 1C430E2F-1341-4BDE-8F79-583988FB6B72 
035 |a SKM000025477 
040 |a SNK  |b slo  |c SNK  |e AACR2 
041 0 |a slo 
044 |a xo  |c SK 
080 |a 338.244(075.3)  |2 1981 
080 |a 338.26(075.3)  |2 1981 
100 |a Fiala, Jozef  |4 aut  |9 307090 
245 1 0 |a Hospodárske plánovanie pre 3. ročík hospodárskych škôl štvorročých  |c Jozef Fiala 
260 |a Bratislava  |b Slovenské pedagogické nakladateľstvo  |c 1959  |e Trnava  |f Polygrafické závody 
300 |a 126, [2] s.  |c 8° 
366 |e 2200 kusov 
500 |a Pozn. 
504 |a Bibliografické odkazy 
650 0 7 |a národné hospodárstvo  |2 SNKPH  |9 846 
650 0 7 |a hospodárske plánovanie  |2 SNKPH  |9 2285 
655 7 |a učebnice  |2 SNKPH  |9 22521 
852 |a Slovenská národná knižnica 
954 |a odborná, vedecká literatúra pôvodná (slovenská)  |2 lita 
958 |a OND 
958 |a TL 
958 |a NB 
958 |a RK 
958 |a UC 
958 |a EUIPO 
999 |c 649039  |d 650969 
952 |a SNK  |b SNK  |y PREZ  |7 0  |p 17A0827038  |o snkSC 12913  |i snkKSP 1247/59  |0 0  |1 0  |4 0  |d 2020-01-17  |f 1  |l 0  |r 2025-07-16 00:00:00  |w 2026-02-23